00000000nam##2200000za#4500
0019.528031
003CaOODSP
00520200401033354
007ta
008150406|1997||||xxc|||||     f|0| 0 fre|d
020 |a0-660-60098-6
040 |aCaOODSP|bfre
041 |aeng
041 |afre
043 |an-cn---
0861 |aBT31-2/1998-III-52
1101 |aCanada. |bConseil du trésor.
24510|aAffaires étrangères et Commerce international Canada
260 |aOttawa - Ontario : |bSecrétariat du Conseil du Trésor du Canada |c1997.
300 |aTexte français, 89p. : |bfigure, graphiques, tableaux ; |c28 cm.
4901 |aBudget des dépenses 1997-1998, partie III: Plan de dépenses
546 |aBilingue
563 |aCouverture souple
590 |a97-08|b1997-02-21
7760#|tDepartment of Foreign Affairs and International Trade, 1997-98 estimates, part III, expenditure plan |w(CaOODSP)9.567547
7760#|tMinistère des Affaires étrangères et du Commerce international, budget des dépenses 1997-1998, partie III, plan de dépenses |w(CaOODSP)9.598880
791 |tForeign Affairs and International Trade Canada |eeng|w(CaOODSP)9.528030
830#0|aBudget des dépenses 1997-1998, partie III: Plan de dépenses.|w(CaOODSP)9.508959